<?xml version="1.0" encoding="UTF-8"?>
<record
    xmlns:xsi="http://www.w3.org/2001/XMLSchema-instance"
    xsi:schemaLocation="http://www.loc.gov/MARC21/slim http://www.loc.gov/standards/marcxml/schema/MARC21slim.xsd"
    xmlns="http://www.loc.gov/MARC21/slim">

  <leader>02154cam a2200397 i 4500</leader>
  <controlfield tag="001">768714001</controlfield>
  <controlfield tag="003">CO-MdFUSB</controlfield>
  <controlfield tag="005">20210324102557.0</controlfield>
  <controlfield tag="007">ta</controlfield>
  <controlfield tag="008">040701t2004    oru      b    000 0 eng  </controlfield>
  <datafield tag="010" ind1=" " ind2=" ">
    <subfield code="a">  2004015517</subfield>
  </datafield>
  <datafield tag="020" ind1=" " ind2=" ">
    <subfield code="a">1590523695</subfield>
  </datafield>
  <datafield tag="040" ind1=" " ind2=" ">
    <subfield code="a">DLC</subfield>
    <subfield code="c">CO-MdFUSB</subfield>
    <subfield code="d">DLC</subfield>
    <subfield code="b">spa</subfield>
    <subfield code="e">rda</subfield>
  </datafield>
  <datafield tag="041" ind1=" " ind2=" ">
    <subfield code="a">eng</subfield>
  </datafield>
  <datafield tag="042" ind1=" " ind2=" ">
    <subfield code="a">pcc</subfield>
  </datafield>
  <datafield tag="082" ind1="0" ind2="0">
    <subfield code="2">22</subfield>
    <subfield code="a">241.6976</subfield>
    <subfield code="b">A354</subfield>
  </datafield>
  <datafield tag="100" ind1="1" ind2=" ">
    <subfield code="a">Alcorn, Randy C.</subfield>
    <subfield code="e">autor</subfield>
  </datafield>
  <datafield tag="245" ind1="1" ind2="0">
    <subfield code="a">Why prolife? </subfield>
    <subfield code="c">/ Randy Alcorn.</subfield>
  </datafield>
  <datafield tag="246" ind1="3" ind2=" ">
    <subfield code="a">Why pro-life?</subfield>
  </datafield>
  <datafield tag="264" ind1=" " ind2="1">
    <subfield code="a">Sisters, Or. :</subfield>
    <subfield code="b">Multnomah Publishers,</subfield>
    <subfield code="c">[2004]</subfield>
  </datafield>
  <datafield tag="264" ind1=" " ind2="4">
    <subfield code="c">&#xA9; 2004</subfield>
  </datafield>
  <datafield tag="300" ind1=" " ind2=" ">
    <subfield code="a">136 p&#xE1;ginas. ;</subfield>
    <subfield code="c">19 cm.</subfield>
  </datafield>
  <datafield tag="336" ind1=" " ind2=" ">
    <subfield code="2">rdacontent</subfield>
    <subfield code="a">texto</subfield>
    <subfield code="b">txt</subfield>
  </datafield>
  <datafield tag="337" ind1=" " ind2=" ">
    <subfield code="2">rdamedia</subfield>
    <subfield code="a">sin mediaci&#xF3;n</subfield>
    <subfield code="b">n</subfield>
  </datafield>
  <datafield tag="338" ind1=" " ind2=" ">
    <subfield code="2">rdacarrier</subfield>
    <subfield code="a">volumen</subfield>
    <subfield code="b">nc</subfield>
  </datafield>
  <datafield tag="504" ind1=" " ind2=" ">
    <subfield code="a">Incluye referencias bibliogr&#xE1;ficas (p&#xE1;ginas. 123-136).</subfield>
  </datafield>
  <datafield tag="505" ind1=" " ind2=" ">
    <subfield code="a">&#xBF;Por qu&#xE9; hablar sobre el aborto? - &#xBF;Pro-mujer o pro-ni&#xF1;o? - &#xBF;Es el no nacido realmente un ser humano? - &#xBF;Cu&#xE1;l es la diferencia entre huevo, esperma, embri&#xF3;n y feto? - &#xBF;Es la parte no nacida del cuerpo de la mujer? - &#xBF;Qu&#xE9; nos dicen las fotos? - &#xBF;Qu&#xE9; hace que una vida humana sea "significativa"? - &#xBF;Es el aborto realmente un problema de derechos de las mujeres? - &#xBF;Tenemos derecho a elegir qu&#xE9; hacemos con nuestros cuerpos? - &#xBF;Es el aborto parte de un derecho a la privacidad? - &#xBF;El aborto da&#xF1;a la salud f&#xED;sica y mental de una mujer? - &#xBF;Es correcto el aborto cuando el embarazo presenta riesgos para la vida de la madre? - &#xBF;Es correcto el aborto cuando el embarazo se debe a una violaci&#xF3;n o incesto? - &#xBF;Qu&#xE9; pasa con los ni&#xF1;os discapacitados y no deseados? - &#xBF;El aborto previene el abuso infantil? - &#xBF;Personalmente opuesto al aborto, pero proabortista? - &#xBF;Qu&#xE9; pasa con la adopci&#xF3;n? - &#xBF;Puede Dios perdonar los abortos? - Problemas pro-vida: &#xBF;distracci&#xF3;n de la gran comisi&#xF3;n o parte de ella? - &#xBF;C&#xF3;mo puedo ayudar a los beb&#xE9;s no nacidos y a sus madres?</subfield>
  </datafield>
  <datafield tag="563" ind1=" " ind2=" ">
    <subfield code="a">R&#xFA;stico</subfield>
  </datafield>
  <datafield tag="650" ind1=" " ind2="0">
    <subfield code="9">1098</subfield>
    <subfield code="a"> Aborto</subfield>
  </datafield>
  <datafield tag="650" ind1=" " ind2="7">
    <subfield code="9">296</subfield>
    <subfield code="a">Derechos humanos</subfield>
  </datafield>
  <datafield tag="653" ind1=" " ind2=" ">
    <subfield code="a">Derecho a la vida.</subfield>
  </datafield>
  <datafield tag="942" ind1=" " ind2=" ">
    <subfield code="c">BK</subfield>
  </datafield>
  <datafield tag="945" ind1=" " ind2=" ">
    <subfield code="a">JTF-925</subfield>
  </datafield>
  <datafield tag="952" ind1=" " ind2=" ">
    <subfield code="0">0</subfield>
    <subfield code="1">0</subfield>
    <subfield code="2">ddc</subfield>
    <subfield code="4">0</subfield>
    <subfield code="7">0</subfield>
    <subfield code="8">GEN</subfield>
    <subfield code="a">FUSBC</subfield>
    <subfield code="b">FUSBC</subfield>
    <subfield code="d">2020-06-26</subfield>
    <subfield code="l">0</subfield>
    <subfield code="o">G 241.6976 A354w</subfield>
    <subfield code="p">9422</subfield>
    <subfield code="r">2020-06-26 00:00:00</subfield>
    <subfield code="t">Ej.1</subfield>
    <subfield code="w">2020-06-26</subfield>
    <subfield code="y">BK</subfield>
    <subfield code="k">26</subfield>
    <subfield code="I">INV2023</subfield>
  </datafield>
  <datafield tag="999" ind1=" " ind2=" ">
    <subfield code="c">66301</subfield>
    <subfield code="d">66301</subfield>
  </datafield>
</record>
